| 000 -LEADER |
| fixed length control field |
00635nam a2200205Ia 4500 |
| 001 - CONTROL NUMBER |
| control field |
8852 |
| 003 - CONTROL NUMBER IDENTIFIER |
| control field |
GE_BSU |
| 008 - FIXED-LENGTH DATA ELEMENTS--GENERAL INFORMATION |
| fixed length control field |
181216s||||||||xx |||||||||||||| ||und|| |
| 040 ## - CATALOGING SOURCE |
| Transcribing agency |
GE_BSU |
| 080 ## - UNIVERSAL DECIMAL CLASSIFICATION NUMBER |
| Universal Decimal Classification number |
087.5:726.84(479.22-25) |
| 100 ## - MAIN ENTRY--PERSONAL NAME |
| Personal name |
კანდელაკი,ბორის |
| 245 ## - TITLE STATEMENT |
| Title |
მთაწმინდა |
| 245 ## - TITLE STATEMENT |
| Statement of responsibility, etc. |
პ/მ.რედ.შ.ხანთაძე, მხატვ. გ.ფოცხიშვილი |
| 260 ## - PUBLICATION, DISTRIBUTION, ETC. |
| Place of publication, distribution, etc. |
თბილისი |
| 260 ## - PUBLICATION, DISTRIBUTION, ETC. |
| Name of publisher, distributor, etc. |
საბლიტგამი |
| 260 ## - PUBLICATION, DISTRIBUTION, ETC. |
| Date of publication, distribution, etc. |
1955 |
| 300 ## - PHYSICAL DESCRIPTION |
| Extent |
64გვ.ილ.21სმ. |
| 653 ## - INDEX TERM--UNCONTROLLED |
| Uncontrolled term |
მთაწმინდა |
| 942 ## - ADDED ENTRY ELEMENTS (KOHA) |
| Koha item type |
წიგნი |